000 00535nam a2200133Ia 4500
005 20260209120149.0
008 260209s9999||||xx |||||||||||||| ||und||
100 _aAkshay S Krishna
245 0 _aReconciling presumed consent and bodily autonomy : ethico-legal discourse on organ transplantation in India
260 _aBangaloreBangalore
_bNLSIU, Bangalore
_c2023 - 2024
300 _a35 p. ; 25 cm.
700 _aMs. Prerna Dhoop - Supervisor Ms. Prerna Dhoop - Supervisor
856 _uhttps://dans.nls.ac.in/handle/123456789/2085
999 _c217644
_d217644